Filha da minha mãe (Record no. 2056)
[ view plain ]
| 000 -Etiqueta do registo | |
|---|---|
| Valores | 00665nam 22002533 4500 |
| 010 ## - Número ISBN | |
| ISBN | 9789899254220 |
| 021 ## - Número do Depósito Legal | |
| Código do país | Portugal |
| Número | 545916/25 |
| 100 ## - Dados gerais de processamento | |
| Dados gerais | 20260213d2025 u||y0pory50 ba |
| 101 ## - Língua de publicação | |
| Língua | Português |
| 102 ## - País de publicação | |
| País | Portugal |
| 200 ## - Titulo e menção de responsabilidade | |
| Título próprio | Filha da minha mãe |
| Primeira menção de responsabilidade | Diogo Costa |
| Outras menções de responsabilidade | Rafael Felizardo |
| 205 ## - Menção da edição | |
| Edição | 1ª edição |
| 210 ## - Publicação | |
| Local de publicação | Queluz de Baixo |
| Nome do editor | Manuscrito |
| Data de publicação | 2025 |
| 215 ## - Descrição física | |
| Paginação / Volumes | 148, [1] p. |
| Dimensões | 24 cm |
| 300 ## - Notas gerais | |
| Texto da nota | BMB-Registado |
| 606 ## - Nome comum usado como assunto | |
| Palavra de ordem | Literatura Portuguesa |
| ID Autoridade | 776 |
| 606 ## - Nome comum usado como assunto | |
| ID Autoridade | 779 |
| Palavra de ordem | Romance |
| 675 ## - CDU | |
| Notação | 821.134.3-31 |
| Edição | BMB |
| Língua | por |
| 700 ## - Autor principal (pessoa individual) | |
| Apelido | Costa |
| Nome | Diogo |
| ID Autoridade | 2941 |
| 701 ## - Co-autor principal (pessoa individual) | |
| Apelido | Felizardo |
| Nome | Rafael |
| ID Autoridade | 2942 |
| 801 ## - Fonte de origem | |
| País | PT |
| Agência | BMB |
| Regras de catalogação | RPC |
| 990 ## - Elementos KOHA | |
| Tipo de documento | Livro |
| Situação do levantamento | Estado | Número | Biblioteca de origem | Código de barras | Cota | Permissão de empréstimo | Tipo de documento | Forma de aquisição |
|---|---|---|---|---|---|---|---|---|
| 1 | Biblioteca Municipal de Borba | 2006 | 821.134.3-31 COS / FIL | Livro | Compra |